Những điều cần biết trong ăn uống, bệnh tật và sức khoẻ /

Sách giúp bạn đọc tra cứu những điều xảy ra trong cuộc sống gia đình, nhằm giúp những kinh nghiệm quý báu, bổ ích, những phương cách tốt nhất trong đời sống.

محفوظ في:
التفاصيل البيبلوغرافية
مؤلفون آخرون: Mênh Mông (dịch.), Trung Tri (dịch.)
التنسيق: كتاب
اللغة:Vietnamese
منشور في: Hà Nội : Phụ nữ, 2000.
الموضوعات:
الوسوم: إضافة وسم
لا توجد وسوم, كن أول من يضع وسما على هذه التسجيلة!
Thư viện lưu trữ: Mạng thư viện Đại học Đà Nẵng
LEADER 01214cam a2200397 i 4500
001 000046719
003 6224
005 20051111111851.0
008 010306b2000 vm 000 vie
020 |c 38000 
022 |a T 
040 |a IRC  |c IRC  |d IRC 
041 0 |a vie 
082 1 4 |a 613  |b Đi-C 
245 0 6 |a Những điều cần biết trong ăn uống, bệnh tật và sức khoẻ /  |c Mênh Mông, Trung Tri biên dịch. 
260 |a Hà Nội :  |b Phụ nữ,  |c 2000. 
300 |a 415tr. ;  |c 20.5cm. 
520 3 |a Sách giúp bạn đọc tra cứu những điều xảy ra trong cuộc sống gia đình, nhằm giúp những kinh nghiệm quý báu, bổ ích, những phương cách tốt nhất trong đời sống. 
630 0 4 |a Sức khoẻ. 
630 0 4 |a Ăn uống. 
630 0 4 |a Bệnh tật. 
650 0 4 |a Sức khoẻ. 
650 0 4 |a Ăn uống. 
650 0 4 |a Bệnh. 
700 1 |a Mênh Mông,  |e dịch. 
700 1 |a Trung Tri,  |e dịch. 
OWN |a DUT 
999 |a From the UDN01 
TYP |a Monograph 
TYP |a Printed language 
980 |a Mạng thư viện Đại học Đà Nẵng